Les joueurs les plus utilisés par le Borussia Dortmund - Statistiques

Statistiques générales
  • Ce quiz a été pris 49 fois
  • Le résultat moyen est 6 sur 10
Statistiques - réponses
Joueurs % Correct
9. Hummels
90%
10. Reus
75%
2. Kobel
73%
1. Schlotterbeck
65%
6. Can
63%
3. Fullkrug
63%
4. Brandt
58%
7. Malen
50%
8. Ryerson
45%
5. Sabitzer
38%
Aucun quiz correspondant
Distribution des résultats
% des personnes avec chaque résultat
Percentile par nombre de réponses
Votre historique - résultats
Vous n’avez pas pris ce quiz